[Event "IECC CL4-1998.27"]
[Site "IECC email"]
[Date "1998.09.12"]
[Round "?"]
[White "Barr, Epstein"]
[Black "Hendradi, Andi"]
[Result "1-0"]
[WhiteElo "1755"]
[BlackElo "1647"]
[PlyCount "39"]
[EventDate "1998.??.??"]
[EventType "tourn (corr)"]
[EventRounds "4"]
[SourceTitle "Corr 2008"]
[Source "ChessBase"]
[SourceDate "2008.06.24"]
[SourceVersion "1"]
[SourceVersionDate "2008.06.24"]
[SourceQuality "1"]

1. e4 c5 2. Nf3 Nc6 3. d4 cxd4 4. Nxd4 e5 5. Nb5 Bb4+ 6. N1c3 d6 7. a3 Bxc3+ 8. bxc3 Be6 9. Nxd6+ Ke7 10. a4 Nf6 11. Ba3 Qd7 12. Nxb7+ Ke8 13. Qxd7+ Nxd7 14. Bb5 Ncb8 15. Rb1 a6 16. Be2 f6 17. Nd6+ Kd8 18. 0-0 Ra7 19. Bg4 Bxg4 20. Nf7+ 1-0

[Event "IECC P email"]
[Site "IECC email"]
[Date "1998.09.12"]
[Round "?"]
[White "Hendradi, Andi"]
[Black "Bui Van Chuong"]
[Result "0-1"]
[WhiteElo "1650"]
[BlackElo "2053"]
[PlyCount "44"]
[EventDate "1998.??.??"]
[EventType "tourn (corr)"]
[EventRounds "6"]
[SourceTitle "Corr 2008"]
[Source "ChessBase"]
[SourceDate "2008.06.24"]
[SourceVersion "1"]
[SourceVersionDate "2008.06.24"]
[SourceQuality "1"]

1. d4 Nf6 2. c4 g6 3. Nc3 Bg7 4. Nf3 0-0 5. e4 d6 6. Bf4 c5 7. d5 Qb6 8. Qd2 Bg4 9. Be2 Nbd7 10. h3 Bxf3 11. Bxf3 Qb4 12. Be2 Nb6 13. e5 dxe5 14. Bxe5 Nxc4 15. Bxc4 Qxc4 16. Rc1 Ne4 17. Qf4 Bxe5 18. Qxe5 Nxc3 19. Rxc3 Qxa2 20. 0-0 Qxb2 21. Rfc1 b6 22. Qxe7 Qd2 0-1